00797nam a2200181 i 450000100060000000300090000600500170001500700030003200800410003510000320007624501820010826000670029030000400035770000560039785200210045399900170047495201240049121547ES-MaACL20230906152512.0t|021126s1867 po ||||1| por d1 aAlbufeira, Borao de.91942813aOs campos de manobras e suas principaes relaçoes con a organisaçao dos excritor palo / cBorao de Albufeira ; estudos precedidos de un juizo critico pelo J.M. Latino Coelho. aLisboa : b[s.n., c1867] (fImp. Rua do Paço do Bemformosa) aXVII, 257 p. : b1 plan. ; c22 cm.1 aCoelho, José María Latino (d1825-1891)9126522 aES-MaACLjG-8497 c21547d21547 001040708LIBXIXaATENEOMbATENEOMcSPP3d2008-01-17eSCl0oG-8497p1022144r2023-02-23 00:00:00w2023-02-23yMONANT